| 000 | 00496nam a2200169Ia 4500 | ||
|---|---|---|---|
| 999 |
_c1757 _d1757 |
||
| 003 | OSt | ||
| 005 | 20201001142803.0 | ||
| 008 | 190216s9999||||xx |||||||||||||| ||und|| | ||
| 040 | _coclc | ||
| 082 |
_a660.6 _bNAI/B |
||
| 100 |
_aNair, K Vijayakumaran _94909 |
||
| 245 | 0 |
_aBiotechnology / _cK Vijayakumaran Nair ; M Jayaprakash |
|
| 260 |
_bAcademic Publishers, _aTrivandrum: _c2007. |
||
| 300 | _a68p | ||
| 650 | _aBotany | ||
| 942 |
_cBK _2ddc _h660.6 _iNAI/B _k660.6 _mNAI/B |
||